| 000 | 01027nam a2200289 c 4500 | ||
|---|---|---|---|
| 001 | 2156 | ||
| 003 | ES-MaCES | ||
| 005 | 20190510112632.0 | ||
| 008 | 940915s1994 lu r o00| | spa d | ||
| 035 | _aCES19980021711m | ||
| 040 |
_aES-MaCES _bspa _cES-MaCES |
||
| 110 | 2 |
_aParlamento Europeo _94797 |
|
| 245 | 1 | 4 |
_aLos 567 eurodiputados _b: notas biográficas _cParlamento Europeo, Dirección General de Información y Relaciones Públicas, División Central de Prensa |
| 246 | 3 | _aLos quinientos sesenta y siete eurodiputados | |
| 260 |
_a[Luxemburgo _bOficina de Publicaciones Oficiales de las Comunidades Europeas _c1994] |
||
| 300 |
_a54 p. _c30 cm |
||
| 500 | _aTít. tomado de la cub. | ||
| 500 | _aEn la cub.: Elecciones Europeas 1994 | ||
| 541 | _cGratuito | ||
| 650 | 4 |
_aParlamento Europeo _929022 |
|
| 650 | 4 |
_aelección _927234 |
|
| 650 | 4 |
_a1994 _930780 |
|
| 653 | 1 | 0 | _aInstituciones comunitarias |
| 902 | _aDOC Literatura gris | ||
| 942 |
_2CES _cBK _h6.4. |
||
| 999 |
_c2156 _d2156 |
||